[Event "28th WSCC2018 - Open 65+"]
[Site "Bled"]
[Date "2018.11.20"]
[Round "3.32"]
[White "Hewson, Brian W R"]
[Black "Giffard, Nicolas"]
[Result "0-1"]
[WhiteElo "2000"]
[BlackElo "2249"]
[PlyCount "78"]
[EventDate "2018.11.18"]

1. d4 Nf6 2. c4 e6 3. Nf3 Bb4+ 4. Bd2 a5 5. Nc3 O-O 6. g3 b6 7. Bg2 Ba6 8. Ne5
c6 9. b3 d5 10. cxd5 exd5 11. O-O Bxc3 12. Bxc3 Ne4 13. Rc1 f6 14. Nd3 Re8 15.
Re1 Qe7 16. Bb2 Ra7 17. Rc2 Rd7 18. Qc1 Qf7 19. Rd1 Rdd8 20. a4 g5 21. Ba3 Nd6
22. f3 Nf5 23. Rcd2 Nxd4 24. Qb2 c5 25. Nc1 Nbc6 26. Kf2 Nf5 27. e4 dxe4 28.
fxe4 Nfd4 29. Qc3 Ne5 30. Bb2 Bc8 31. h3 Be6 32. Qe3 Nec6 33. Kg1 h6 34. Bxd4
Nxd4 35. g4 Qc7 36. Bf1 Kg7 37. Bc4 Bxc4 38. bxc4 Qc6 39. Rf1 Nf3+ 0-1

[Event "28th WSCC2018 - Open 65+"]
[Site "Bled"]
[Date "2018.11.20"]
[Round "3.33"]
[White "Herbrechtsmeier, Christof"]
[Black "Nickl, Klaus"]
[Result "1-0"]
[WhiteElo "2247"]
[BlackElo "2006"]
[PlyCount "99"]
[EventDate "2018.11.18"]

1. e4 e6 2. d4 d5 3. Nc3 dxe4 4. Nxe4 Nd7 5. g3 Ngf6 6. Nxf6+ Nxf6 7. Bg2 e5 8.
Nf3 exd4 9. O-O Be7 10. Qxd4 O-O 11. Re1 Qxd4 12. Nxd4 Bc5 13. Nb3 Bb6 14. Be3
c6 15. c4 Be6 16. Nc5 Bxc4 17. Nxb7 Bd5 18. b3 Bxg2 19. Kxg2 Nd5 20. Bd2 Rfe8
21. Nd6 Red8 22. Nc4 Re8 23. Rac1 Rxe1 24. Bxe1 Rc8 25. Bd2 f6 26. Kf3 Kf8 27.
Be3 Ke7 28. Rd1 h5 29. h4 Rd8 30. Bd2 Kf8 31. Rc1 Rc8 32. Rc2 Ke7 33. Bc1 Kd7
34. Ba3 Bc7 35. Bc5 Bb6 36. Ba3 Re8 37. Nd6 Re6 38. Ne4 Re5 39. Nc5+ Kc7 40.
Nd3 Re8 41. Bc1 Kd7 42. Rc4 g6 43. Bd2 f5 44. Bf4 Bc7 45. Ra4 Ra8 46. Bxc7 Kxc7
47. Ne5 Ne7 48. Kf4 Kb6 49. Kg5 Rd8 50. Kf6 1-0

[Event "28th WSCC2018 - Open 65+"]
[Site "Bled"]
[Date "2018.11.20"]
[Round "3.34"]
[White "Sciupokas, Arunas"]
[Black "Harestad, Thor Geir"]
[Result "1/2-1/2"]
[WhiteElo "1981"]
[BlackElo "2239"]
[PlyCount "66"]
[EventDate "2018.11.18"]

1. e4 c5 2. Nf3 e6 3. c3 d5 4. exd5 Qxd5 5. d4 Nc6 6. Be2 cxd4 7. cxd4 Nf6 8.
Nc3 Qd6 9. O-O a6 10. Bg5 Nb4 11. Bxf6 gxf6 12. Qd2 Nd5 13. Bc4 Nxc3 14. bxc3
b5 15. Bb3 Bb7 16. d5 O-O-O 17. a4 Rg8 18. axb5 axb5 19. c4 bxc4 20. Bxc4 exd5
21. Be2 Rd7 22. Bb5 Rc7 23. Rfc1 Rxc1+ 24. Rxc1+ Kb8 25. Nd4 Rg4 26. Nc6+ Bxc6
27. Bxc6 Rc4 28. Rb1+ Kc8 29. Bb7+ Kd8 30. Qxd5 Qxd5 31. Bxd5 Rc2 32. Bxf7 Bc5
33. Rf1 Ke7 1/2-1/2

[Event "28th WSCC2018 - Open 65+"]
[Site "Bled"]
[Date "2018.11.20"]
[Round "3.35"]
[White "Karnar, Marijan"]
[Black "Valenti, Giuseppe"]
[Result "1/2-1/2"]
[WhiteElo "2226"]
[BlackElo "2003"]
[PlyCount "95"]
[EventDate "2018.11.18"]

1. c4 e6 2. g3 c5 3. Nf3 Nf6 4. Bg2 d5 5. O-O d4 6. d3 Nc6 7. e3 e5 8. exd4
exd4 9. h3 Be7 10. Na3 O-O 11. Nc2 h6 12. a3 a5 13. Rb1 a4 14. b4 axb3 15. Rxb3
Na5 16. Rb1 Bd7 17. Na1 Qe8 18. Bd2 Ba4 19. Qc1 Qd8 20. Bxa5 Rxa5 21. Rxb7 Bc6
22. Rb3 Ba4 23. Rb2 Bc6 24. Nc2 Bd6 25. Re1 Qc7 26. Qd2 Nh7 27. Reb1 Ra7 28.
Rb6 Ba8 29. Nfe1 Ng5 30. h4 Ne6 31. Bxa8 Rfxa8 32. Qe2 Re8 33. Qf3 Rf8 34. Kg2
Qd8 35. Rb7 Ra6 36. Qe4 Qf6 37. R7b6 Rxb6 38. Rxb6 Bc7 39. Rb7 Qd8 40. Rb1 Re8
41. Qf5 g6 42. Qd5 Qc8 43. Qf3 Kg7 44. Kg1 Nd8 45. Ng2 Re5 46. Re1 Rf5 47. Qe4
Re5 48. Qf3 1/2-1/2

[Event "28th WSCC2018 - Open 65+"]
[Site "Bled"]
[Date "2018.11.20"]
[Round "3.36"]
[White "Giulian, Philip M"]
[Black "Grahn, Lars"]
[Result "1/2-1/2"]
[WhiteElo "2179"]
[BlackElo "1999"]
[PlyCount "47"]
[EventDate "2018.11.18"]

1. c4 f5 2. Nf3 Nf6 3. g3 g6 4. b4 Bg7 5. Bb2 O-O 6. Bg2 d6 7. d4 a5 8. b5 c6
9. O-O cxb5 10. cxb5 e6 11. Nbd2 Nbd7 12. Nc4 Nb6 13. Nfd2 d5 14. Ne5 a4 15.
Ba3 Re8 16. e3 Bd7 17. Rb1 Ne4 18. Bxe4 fxe4 19. f3 Bxe5 20. dxe5 Qc7 21. fxe4
Qc3 22. Qf3 Qxa3 23. Qf7+ Kh8 24. Qf6+ 1/2-1/2

[Event "28th WSCC2018 - Open 65+"]
[Site "Bled"]
[Date "2018.11.20"]
[Round "3.37"]
[White "Nilsson, Weine"]
[Black "Nukin, Tolegen"]
[Result "0-1"]
[WhiteElo "1976"]
[BlackElo "2171"]
[PlyCount "124"]
[EventDate "2018.11.18"]

1. e4 c5 2. Nf3 e6 3. d4 cxd4 4. Nxd4 a6 5. Bd3 Nf6 6. O-O d6 7. c4 Nbd7 8. Nc3
b6 9. Qe2 Bb7 10. f4 Rc8 11. Nb3 Qc7 12. Be3 Be7 13. Rac1 O-O 14. g4 Nc5 15.
Nxc5 bxc5 16. g5 Nd7 17. f5 Rfe8 18. g6 hxg6 19. fxg6 fxg6 20. Qg4 Bf6 21. Bf4
Bd4+ 22. Kh1 Nf6 23. Qxg6 Qf7 24. Qxf7+ Kxf7 25. Rce1 Bc6 26. Be3 Be5 27. Kg1
Rh8 28. Bf4 Bd4+ 29. Be3 Rh3 30. Nd1 Rch8 31. Bxd4 cxd4 32. Nf2 Rxh2 33. Ng4
R2h4 34. Nxf6 gxf6 35. Re2 Rh3 36. Rd2 Rh1+ 37. Kf2 R8h2+ 38. Ke1 Rxf1+ 39.
Bxf1 Rxd2 40. Kxd2 Bxe4 41. b4 Ke7 42. a4 Kd7 43. a5 Kc7 44. Bd3 Bb7 45. Bg6 d5
46. Bd3 dxc4 47. Bxc4 Kd6 48. Kd3 e5 49. Bf7 f5 50. Bc4 f4 51. Bf7 Bg2 52. Bg6
Bf1+ 53. Kd2 f3 54. Ke1 Bb5 55. Kf2 Bc6 56. Bd3 Bb7 57. b5 axb5 58. Bxb5 e4 59.
a6 e3+ 60. Ke1 Be4 61. a7 Kc5 62. Bd3 Bxd3 0-1

[Event "28th WSCC2018 - Open 65+"]
[Site "Bled"]
[Date "2018.11.20"]
[Round "3.38"]
[White "Vinke, Dietmar"]
[Black "Strand, Kjetil"]
[Result "0-1"]
[WhiteElo "2163"]
[BlackElo "1995"]
[PlyCount "70"]
[EventDate "2018.11.18"]

1. Nf3 d5 2. d4 Nf6 3. e3 Bf5 4. c4 e6 5. Nc3 c6 6. Qb3 Qc7 7. Be2 Nbd7 8. Bd2
dxc4 9. Bxc4 Bd6 10. h3 O-O 11. O-O Ne4 12. Nxe4 Bxe4 13. Ng5 Bd5 14. Qc2 g6
15. Bd3 c5 16. e4 Bc6 17. Nf3 cxd4 18. Nxd4 Ne5 19. Nxc6 Nxc6 20. Rfd1 Rac8 21.
Rac1 Bf4 22. Bxf4 Qxf4 23. g3 Qf6 24. Qb3 Rc7 25. Bb5 Nd4 26. Qa4 Rxc1 27. Rxc1
Qg5 28. Rc7 Nxb5 29. Rxb7 a6 30. Qxa6 Nd4 31. Qb6 Qe5 32. f4 Qxe4 33. Rb8 Qe1+
34. Kh2 Qf2+ 35. Kh1 Qf1+ 0-1

[Event "28th WSCC2018 - Open 65+"]
[Site "Bled"]
[Date "2018.11.20"]
[Round "3.39"]
[White "Bhopal, Raj"]
[Black "Titz, Heimo"]
[Result "0-1"]
[WhiteElo "1929"]
[BlackElo "2161"]
[PlyCount "54"]
[EventDate "2018.11.18"]

1. e4 c5 2. Nf3 e6 3. d3 Nc6 4. g3 g6 5. Bg2 Bg7 6. O-O Nge7 7. Re1 O-O 8. Nbd2
d6 9. Nf1 Re8 10. h4 h6 11. N1h2 e5 12. Be3 Be6 13. Qd2 Kh7 14. c3 f5 15. h5
gxh5 16. Nh4 f4 17. gxf4 exf4 18. Bxf4 Ne5 19. Bg3 N7g6 20. Nxg6 Nxg6 21. Nf3
Be5 22. d4 Bf4 23. Qd3 h4 24. Bh2 Bxh2+ 25. Nxh2 Qg5 26. Nf3 Qxg2+ 27. Kxg2
Nf4+ 0-1

[Event "28th WSCC2018 - Open 65+"]
[Site "Bled"]
[Date "2018.11.20"]
[Round "3.40"]
[White "Raikin, Leonid"]
[Black "Henrichsen, Erland"]
[Result "1-0"]
[WhiteElo "2144"]
[BlackElo "1962"]
[PlyCount "43"]
[EventDate "2018.11.18"]

1. e4 e6 2. d4 d5 3. Nd2 Be7 4. c3 c5 5. dxc5 a5 6. Ngf3 Na6 7. exd5 Qxd5 8.
Bb5+ Bd7 9. c4 Qf5 10. g4 Qd3 11. Ne5 Qd4 12. Nxd7 Kd8 13. Qf3 Nxc5 14. Nxc5
Bxc5 15. O-O h5 16. g5 Qg4+ 17. Qxg4 hxg4 18. Ne4 Be7 19. Bf4 f5 20. Rfd1+ Kc8
21. Bd7+ Kd8 22. Bxe6+ 1-0

[Event "28th WSCC2018 - Open 65+"]
[Site "Bled"]
[Date "2018.11.20"]
[Round "3.41"]
[White "Iudicello, Giovanni"]
[Black "Ramusch, Arnulf"]
[Result "1-0"]
[WhiteElo "2138"]
[BlackElo "1954"]
[PlyCount "139"]
[EventDate "2018.11.18"]

1. e4 e6 2. d3 d5 3. Nd2 c5 4. Ngf3 Nc6 5. g3 g6 6. Bg2 Bg7 7. O-O Nge7 8. Re1
O-O 9. Qe2 a5 10. a4 b6 11. c3 Ba6 12. e5 Qc7 13. Nf1 h6 14. h4 Rad8 15. N1h2
Kh7 16. Bf4 Bc8 17. Ng4 Ng8 18. Rad1 Nce7 19. Qd2 Nf5 20. Nf6+ Bxf6 21. exf6
Qc6 22. g4 Nd6 23. Ra1 Nxf6 24. Bxh6 Nxg4 25. Bxf8 Rxf8 26. Qg5 Nh6 27. Ne5 Qe8
28. h5 gxh5 29. Qxh5 Rg8 30. Re3 Ndf5 31. Rh3 f6 32. Qxe8 Rxe8 33. Ng4 Kg6 34.
Nxh6 Nxh6 35. Rg3+ Kf7 36. Bh3 e5 37. Bxc8 Rxc8 38. Kg2 Nf5 39. Rh3 Ke6 40. Kf3
c4 41. Ke2 d4 42. Kd2 cxd3 43. Kxd3 dxc3 44. bxc3 Rd8+ 45. Kc2 Rc8 46. Rb1 Rc6
47. Rh7 Nd6 48. Re1 b5 49. axb5 Nxb5 50. Rh3 Nd6 51. Re2 e4 52. f3 f5 53. fxe4
fxe4 54. Rh5 Ra6 55. Kb3 a4+ 56. Kb4 Rc6 57. Rc5 Ra6 58. Ra5 Rxa5 59. Kxa5 a3
60. Kb4 Ke5 61. Kxa3 Kf4 62. Kb4 Kf3 63. Rd2 Nf5 64. Rd5 Kf4 65. c4 e3 66. Kc3
Ke4 67. Rd8 e2 68. Re8+ Kf3 69. Kd3 Nd6 70. Re3+ 1-0

[Event "28th WSCC2018 - Open 65+"]
[Site "Bled"]
[Date "2018.11.20"]
[Round "3.42"]
[White "Haubt, Georg"]
[Black "Gibbons, Robert"]
[Result "1-0"]
[WhiteElo "2136"]
[BlackElo "1914"]
[PlyCount "57"]
[EventDate "2018.11.18"]

1. e4 d6 2. d4 g6 3. Nc3 Bg7 4. Be3 a6 5. a4 b6 6. Qd2 e6 7. f3 Ne7 8. Bh6 O-O
9. h4 f5 10. h5 Qe8 11. Bxg7 Kxg7 12. hxg6 Qxg6 13. Nge2 Kh8 14. Rh6 Qg7 15.
O-O-O Ng6 16. exf5 Rxf5 17. Ng3 Rf7 18. Nh5 Qg8 19. Bd3 Nf8 20. Nf6 Qg7 21.
Nxh7 Kg8 22. Rdh1 Nbd7 23. R1h4 Nxh7 24. Rxh7 Qxh7 25. Bxh7+ Rxh7 26. Qg5+ Rg7
27. Qd8+ Nf8 28. Rf4 Rf7 29. Rxf7 1-0

[Event "28th WSCC2018 - Open 65+"]
[Site "Bled"]
[Date "2018.11.20"]
[Round "3.43"]
[White "James, Kevin"]
[Black "Vikulov, Alexander"]
[Result "1/2-1/2"]
[WhiteElo "1929"]
[BlackElo "2127"]
[PlyCount "55"]
[EventDate "2018.11.18"]

1. d4 Nf6 2. c4 c5 3. d5 e6 4. Nc3 exd5 5. cxd5 Bd6 6. e4 O-O 7. Bd3 Re8 8.
Nge2 Bc7 9. O-O d6 10. h3 Nbd7 11. f4 c4 12. Bc2 Bb6+ 13. Kh1 Nh5 14. Rf3 Qh4
15. Be3 Bxe3 16. Rxe3 a6 17. Qe1 Qxe1+ 18. Rxe1 b5 19. g4 Nhf6 20. Ng3 Nc5 21.
g5 Nfd7 22. Nf5 Nb7 23. e5 dxe5 24. fxe5 Ndc5 25. Nd4 Nd8 26. Ne4 Nxe4 27. Bxe4
Ra7 28. Bg2 1/2-1/2

[Event "28th WSCC2018 - Open 65+"]
[Site "Bled"]
[Date "2018.11.20"]
[Round "3.44"]
[White "Marshall, Michael"]
[Black "Yakimenko, Alexander A"]
[Result "0-1"]
[WhiteElo "1916"]
[BlackElo "2125"]
[PlyCount "130"]
[EventDate "2018.11.18"]

1. d4 e6 2. Bf4 f5 3. e3 Nf6 4. Be2 Be7 5. c4 d6 6. Nc3 O-O 7. h4 Nc6 8. Nf3
Ng4 9. Bg5 h6 10. Bxe7 Nxe7 11. O-O Ng6 12. g3 Qe8 13. Nh2 Nf6 14. f4 c6 15.
Bf3 e5 16. Qe2 e4 17. Bh5 Nxf4 18. Bxe8 Nxe2+ 19. Nxe2 Rxe8 20. b3 Bd7 21. Rae1
Re7 22. Rf2 Rf8 23. Kg2 g5 24. hxg5 hxg5 25. Ref1 Ref7 26. Rg1 Rh7 27. Kf1 Kg7
28. Ke1 Rfh8 29. Rgg2 a5 30. Kd2 Kg6 31. Ng1 Ra8 32. Ne2 Be6 33. Kc3 Rh3 34.
Rf1 Rah8 35. Rff2 Rc8 36. Rf1 Bd7 37. Kd2 Rch8 38. Rff2 Ra8 39. Kc3 b5 40. Rf1
Rah8 41. Rff2 b4+ 42. Kc2 c5 43. Ng1 R3h7 44. Ne2 Ra8 45. Rf1 a4 46. Kb2 Be6
47. d5 Bc8 48. Rgf2 Bd7 49. Rg2 Rah8 50. Rff2 Rf7 51. Kc2 Rxh2 52. Rxh2 Ng4 53.
Kd2 Nxf2 54. Rxf2 Rh7 55. Kc2 Rh1 56. Rg2 Kf6 57. Rf2 Ke5 58. Rg2 Be8 59. Rf2
axb3+ 60. axb3 Bh5 61. Kd2 Bf3 62. Nc1 Kf6 63. Kc2 Kg6 64. Kd2 Kh5 65. Ne2 Kg4
0-1

[Event "28th WSCC2018 - Open 65+"]
[Site "Bled"]
[Date "2018.11.20"]
[Round "3.45"]
[White "Gal, Moshe"]
[Black "Cordioli, Jairo Ribeiro"]
[Result "1-0"]
[WhiteElo "2116"]
[BlackElo "1804"]
[PlyCount "79"]
[EventDate "2018.11.18"]

1. e4 c5 2. Nf3 d6 3. d4 cxd4 4. Nxd4 Nf6 5. f3 Nc6 6. c4 Nxd4 7. Qxd4 g6 8.
Nc3 Bg7 9. Bg5 O-O 10. Qd2 Be6 11. Bd3 Rc8 12. Nd5 Re8 13. O-O b5 14. Bxf6 exf6
15. cxb5 Bxd5 16. exd5 f5 17. Rac1 Qb6+ 18. Kh1 Qd4 19. Rxc8 Rxc8 20. b3 Rc3
21. Rd1 Be5 22. g3 h5 23. Bc4 Qb6 24. Kg2 Re3 25. Re1 f4 26. gxf4 Bxf4 27. Rxe3
Bxe3 28. Qe1 f5 29. a4 f4 30. Qh4 Kf7 31. Qh3 Qd4 32. Qd7+ Kg8 33. Qxd6 Qd2+
34. Kh3 Kh7 35. Qe7+ Kh6 36. d6 Bg1 37. Be2 Qe1 38. d7 Qf2 39. Qf8+ Kh7 40.
Qf7+ 1-0

[Event "28th WSCC2018 - Open 65+"]
[Site "Bled"]
[Date "2018.11.20"]
[Round "3.47"]
[White "Thjomoe, Hans Richard"]
[Black "Nickel, Arno"]
[Result "0-1"]
[WhiteElo "1874"]
[BlackElo "2100"]
[PlyCount "68"]
[EventDate "2018.11.18"]

1. e4 d6 2. Nf3 Nf6 3. Nc3 c5 4. Bc4 Nc6 5. h3 e6 6. O-O a6 7. a4 Be7 8. Re1
O-O 9. d3 d5 10. exd5 exd5 11. Ba2 h6 12. Ne2 b5 13. c3 Bf5 14. g4 Bh7 15. Ng3
Qd7 16. g5 hxg5 17. Nxg5 Bg6 18. Qf3 Rad8 19. axb5 axb5 20. Bf4 Ra8 21. Kg2
Rfd8 22. Bb3 c4 23. dxc4 bxc4 24. Ba4 Bc5 25. Be5 Nxe5 26. Bxd7 Nxf3 27. Kxf3
Nxd7 28. Rad1 Nf6 29. h4 d4 30. Re5 Bd6 31. Rb5 Bxg3 32. Kxg3 dxc3 33. Rxd8+
Rxd8 34. bxc3 Ne4+ 0-1

[Event "28th WSCC2018 - Open 65+"]
[Site "Bled"]
[Date "2018.11.20"]
[Round "3.48"]
[White "Toefferl, Heimo"]
[Black "Lotsov Har-Zahav, Avraham"]
[Result "0-1"]
[WhiteElo "2082"]
[BlackElo "1700"]
[PlyCount "70"]
[EventDate "2018.11.18"]

1. d4 f5 2. g3 Nf6 3. Bg2 g6 4. c3 c6 5. h4 Bg7 6. Nh3 d6 7. Ng5 h6 8. Nh3 Be6
9. Nd2 Bd5 10. f3 Nbd7 11. Qc2 Bf7 12. e4 fxe4 13. fxe4 e5 14. Nf3 Ng4 15. Bd2
Qb6 16. Qd3 Qxb2 17. O-O Qb5 18. Qc2 Bc4 19. Rfb1 Qa6 20. Rb4 b5 21. a4 O-O 22.
Qc1 Qc8 23. axb5 cxb5 24. Qd1 Ndf6 25. Ne1 Nh5 26. Bf3 Ne3 27. Bxe3 Qxh3 28.
Rxc4 Qxg3+ 29. Kh1 bxc4 30. Ra2 Nf4 31. Rh2 Nd3 32. Nxd3 Qxf3+ 33. Qxf3 Rxf3
34. Nb2 Rxe3 35. Nxc4 Rxc3 0-1

[Event "28th WSCC2018 - Open 65+"]
[Site "Bled"]
[Date "2018.11.20"]
[Round "3.49"]
[White "Korenevski, Oleg"]
[Black "Zhelesny, Stanislav"]
[Result "1-0"]
[WhiteElo "1797"]
[BlackElo "2079"]
[PlyCount "65"]
[EventDate "2018.11.18"]

1. d4 Nf6 2. Nf3 g6 3. c4 Bg7 4. Nc3 d5 5. cxd5 Nxd5 6. e4 Nb6 7. Be2 O-O 8.
O-O Bg4 9. Be3 Nc6 10. d5 Bxf3 11. Bxf3 Ne5 12. Be2 Nec4 13. Bxb6 Nxb6 14. Qb3
Nd7 15. Rad1 a6 16. f4 Nc5 17. Qc4 Qd6 18. e5 Qb6 19. Kh1 a5 20. Bf3 Qb4 21.
Rd4 f6 22. Qxb4 axb4 23. Rxb4 fxe5 24. Rb5 Na6 25. d6 exd6 26. Bxb7 Ra7 27.
Bd5+ Kh8 28. Ra5 c5 29. Nb5 Nc7 30. Rxa7 Nxb5 31. Rf7 Rd8 32. a4 Nd4 33. a5 1-0

[Event "28th WSCC2018 - Open 65+"]
[Site "Bled"]
[Date "2018.11.20"]
[Round "3.51"]
[White "Anguera Maestro, Jaime"]
[Black "Bregoszewski, Leon"]
[Result "1-0"]
[WhiteElo "2072"]
[BlackElo "1632"]
[PlyCount "69"]
[EventDate "2018.11.18"]

1. d4 d5 2. Nf3 Nf6 3. Bf4 e6 4. e3 Bd6 5. Ne5 Nbd7 6. Nd2 O-O 7. Bd3 a6 8. O-O
Re8 9. c4 Nf8 10. c5 Be7 11. b4 c6 12. a4 Ng6 13. Nxg6 hxg6 14. h3 Bd7 15. Qc2
Nh5 16. Bh2 Rf8 17. Nf3 f5 18. Ne5 Be8 19. Qe2 Nf6 20. b5 g5 21. bxa6 b6 22.
cxb6 Qxb6 23. Rfb1 Qd8 24. Rb7 c5 25. dxc5 Bxc5 26. Rc1 Bd6 27. Bb5 Bh5 28. f3
Be8 29. Qc2 Rb8 30. Nc6 Bxh2+ 31. Kxh2 Qd6+ 32. Kg1 Bxc6 33. Qxc6 Qe5 34. Qc3
Qd6 35. Qc7 1-0

[Event "28th WSCC2018 - Open 65+"]
[Site "Bled"]
[Date "2018.11.20"]
[Round "3.52"]
[White "Cicek, Cemil"]
[Black "Pfitzer, Norbert"]
[Result "1-0"]
[WhiteElo "1775"]
[BlackElo "2066"]
[PlyCount "119"]
[EventDate "2018.11.18"]

1. d4 Nf6 2. c4 g6 3. Nf3 Bg7 4. Nc3 O-O 5. e4 d6 6. Be2 Nbd7 7. O-O e5 8. d5
a6 9. Bg5 h6 10. Be3 Ng4 11. Bd2 f5 12. h3 Ngf6 13. exf5 gxf5 14. Nh2 Qe8 15.
Qc2 Nc5 16. Be3 Nfe4 17. Nxe4 Nxe4 18. Bd3 Nc5 19. Be2 Nd7 20. f3 Nf6 21. Bd3
Qh5 22. Rab1 Kh8 23. Be2 f4 24. Bf2 Ng8 25. Bd3 Ne7 26. Kh1 Nf5 27. Rfe1 Qg5
28. b4 Bf6 29. Qe2 Rg8 30. Rg1 h5 31. Nf1 h4 32. Bxf5 Bxf5 33. Rc1 Qg6 34. Nd2
Rae8 35. Ne4 Be7 36. c5 Qf7 37. Qd1 Rc8 38. a4 Qe8 39. b5 axb5 40. axb5 Bxe4
41. fxe4 dxc5 42. Qe1 Qh5 43. Qc3 b6 44. Ra1 Bf6 45. Qd3 Qh7 46. Ra7 Ra8 47.
Rga1 Rxa7 48. Rxa7 Qg6 49. Qf3 Rc8 50. Kh2 Kg8 51. d6 cxd6 52. Qb3+ c4 53. Qd1
Bd8 54. Qd5+ Kf8 55. Rd7 Be7 56. Qb7 Qe8 57. Rxe7 Qxe7 58. Qxc8+ Kf7 59. Qxc4+
Kg7 60. Bxb6 1-0

[Event "28th WSCC2018 - Open 65+"]
[Site "Bled"]
[Date "2018.11.20"]
[Round "3.53"]
[White "Zharokov, Biket"]
[Black "Goncharov, Viktor"]
[Result "0-1"]
[WhiteElo "1629"]
[BlackElo "2048"]
[PlyCount "98"]
[EventDate "2018.11.18"]

1. d4 Nf6 2. Nf3 e6 3. Bg5 Be7 4. e3 b6 5. Bd3 Bb7 6. Nbd2 c5 7. c3 d5 8. Qa4+
Bc6 9. Bb5 Qd7 10. Bxc6 Qxc6 11. Qxc6+ Nxc6 12. a4 c4 13. Bxf6 Bxf6 14. e4 Kd7
15. O-O h5 16. e5 Be7 17. h4 a6 18. g3 b5 19. axb5 axb5 20. Ng5 f6 21. Ngf3 b4
22. Rfe1 b3 23. exf6 gxf6 24. Nf1 Ra2 25. Rxa2 bxa2 26. Ra1 Ra8 27. Ne3 Ra4 28.
Nd2 Na5 29. f4 Nb3 30. Nxb3 cxb3 31. Kf2 Kc6 32. Ke2 Kb5 33. Kd3 f5 34. Kd2 Ra8
35. Ke2 Rg8 36. Kf2 Rc8 37. Ke2 Ka4 38. Kd2 Rg8 39. Nf1 Bxh4 40. gxh4 Rg2+ 41.
Kd3 Rxb2 42. Nd2 Ka3 43. Re1 Rxd2+ 44. Kxd2 b2 45. Rxe6 b1=Q 46. Ra6+ Kb3 47.
Rb6+ Kc4 48. Rc6+ Kb5 49. Rc5+ Kb6 0-1

[Event "28th WSCC2018 - Open 65+"]
[Site "Bled"]
[Date "2018.11.20"]
[Round "3.54"]
[White "Benggawan, Undriadi"]
[Black "Biller, Helmut"]
[Result "1/2-1/2"]
[WhiteElo "1594"]
[BlackElo "2035"]
[PlyCount "60"]
[EventDate "2018.11.18"]

1. d4 d5 2. Bf4 c5 3. e3 Nc6 4. c3 e6 5. Nd2 Nf6 6. Bd3 Bd6 7. Bg3 e5 8. dxe5
Nxe5 9. Bxe5 Bxe5 10. Ngf3 Bc7 11. O-O O-O 12. Re1 Bg4 13. Qc2 Re8 14. h3 Bh5
15. Nh4 Bg6 16. Nxg6 hxg6 17. Nf3 a6 18. a4 Qe7 19. Rad1 Rad8 20. g4 c4 21. Bf1
b5 22. axb5 axb5 23. Nd4 Qc5 24. b4 Qb6 25. Bg2 Ne4 26. Ra1 Qb7 27. Ra3 Ra8 28.
Rea1 Rxa3 29. Rxa3 Nd6 30. Qa2 Bb6 1/2-1/2

[Event "28th WSCC2018 - Open 65+"]
[Site "Bled"]
[Date "2018.11.20"]
[Round "3.55"]
[White "Schramek, Kurt"]
[Black "Sorcnik, Franc"]
[Result "1/2-1/2"]
[WhiteElo "1569"]
[BlackElo "2028"]
[PlyCount "27"]
[EventDate "2018.11.18"]

1. d4 Nf6 2. Bf4 d5 3. e3 g6 4. Nd2 Bg7 5. Be2 Nbd7 6. h3 c6 7. c3 a5 8. a4 O-O
9. Ngf3 Re8 10. Ne5 Qb6 11. Qb3 Qxb3 12. Nxb3 Nxe5 13. Bxe5 Nd7 14. Bxg7
1/2-1/2

[Event "28th WSCC2018 - Open 65+"]
[Site "Bled"]
[Date "2018.11.20"]
[Round "3.56"]
[White "Ostrowski, Michal"]
[Black "Brettschneider, Karl"]
[Result "0-1"]
[WhiteElo "1187"]
[BlackElo "2016"]
[PlyCount "128"]
[EventDate "2018.11.18"]

1. Nc3 g6 2. e4 Bg7 3. Nf3 c5 4. Bc4 e6 5. O-O a6 6. a3 Ne7 7. Ne2 d5 8. exd5
exd5 9. Ba2 O-O 10. c3 d4 11. cxd4 cxd4 12. d3 Nbc6 13. Ng3 Nf5 14. Nxf5 Bxf5
15. b4 Qd7 16. Bb2 Rae8 17. Qc2 Bg4 18. Nd2 Re2 19. Rae1 Rfe8 20. Rxe2 Rxe2 21.
Bc1 Bf5 22. Bb1 Re8 23. Nc4 Qe7 24. Qd2 b5 25. Nb2 Bf8 26. h3 Bd7 27. Qg5 f6
28. Ba2+ Kh8 29. Qd2 Qe2 30. Bd5 Qe5 31. Bf3 Bd6 32. g3 Nd8 33. Bg2 Nf7 34. Qd1
Qe2 35. Bf3 Qxd1 36. Rxd1 Bxh3 37. g4 Ne5 38. Be4 Bxg4 39. Rf1 Be2 40. f4 Nd7
41. Rf2 Bg4 42. Kg2 Rc8 43. Rf1 Rc7 44. Kg1 Kg7 45. f5 g5 46. Bd5 Ne5 47. Be4
h5 48. Bxg5 fxg5 49. f6+ Kh6 50. Bd5 Nf7 51. Nd1 Bxd1 52. Rxd1 Kg6 53. Rf1 Bf4
54. Re1 Be3+ 55. Kg2 Kxf6 56. Rf1+ Bf4 57. Kf3 Ke5 58. Bxf7 Rxf7 59. Re1+ Be3+
60. Kg2 g4 61. Re2 h4 62. Rc2 Rf2+ 63. Rxf2 Bxf2 64. Kxf2 Kf4 0-1

[Event "28th WSCC2018 - Open 65+"]
[Site "Bled"]
[Date "2018.11.20"]
[Round "3.57"]
[White "Rovira Mas, Jorge"]
[Black "Lie, Terje"]
[Result "1-0"]
[WhiteElo "2290"]
[BlackElo "1534"]
[Annotator "uporabnik"]
[PlyCount "51"]
[EventDate "2018.11.18"]

1. Nf3 Nf6 2. b3 d5 3. Bb2 e6 4. e3 c5 5. c4 dxc4 6. Bxc4 Be7 7. O-O O-O 8. d4
b6 9. Nbd2 Bb7 10. Qe2 Nc6 11. Rfd1 Qc7 12. Rac1 Rad8 13. Bd3 Nb4 14. Bb1 Nfd5
(14... Nbd5 15. dxc5 Bxc5 16. a3) 15. dxc5 Bxc5 16. a3 Nc6 17. b4 Ndxb4 18.
axb4 Nxb4 19. Ng5 g6 20. Nxh7 Ba6 21. Nf6+ Kh8 22. Qg4 e5 23. Qg5 Kg7 24. Bxe5
Qc6 25. Ne8+ Kh7 26. Qh4+ 1-0

[Event "28th WSCC2018 - Open 65+"]
[Site "Bled"]
[Date "2018.11.20"]
[Round "3.58"]
[White "Tsynman, Boris"]
[Black "Jaksa, Cvetko"]
[Result "1-0"]
[WhiteElo "2074"]
[BlackElo "1897"]
[PlyCount "61"]
[EventDate "2018.11.18"]

1. e4 c5 2. c3 Nf6 3. e5 Nd5 4. d4 e6 5. Nf3 cxd4 6. Qxd4 Nc6 7. Qe4 b6 8. Bc4
Nde7 9. O-O Bb7 10. Qe2 Qc7 11. Re1 Ng6 12. Bd3 Be7 13. a4 O-O 14. Na3 Rad8 15.
Nb5 Qb8 16. h4 f5 17. h5 Nh8 18. Bg5 Nf7 19. Bxe7 Nxe7 20. Nbd4 Kh8 21. Bc4 Nd5
22. Qd2 a6 23. Nxf5 Ng5 24. Nxg5 Rxf5 25. Bxd5 Bxd5 26. g4 Rff8 27. Qd3 g6 28.
hxg6 Rg8 29. Qh3 Rg7 30. Nxh7 Kg8 31. Nf6+ 1-0

[Event "28th WSCC2018 - Open 65+"]
[Site "Bled"]
[Date "2018.11.20"]
[Round "3.59"]
[White "Tavcar, Rado"]
[Black "Karnaukh, Anatolij"]
[Result "0-1"]
[WhiteElo "1847"]
[BlackElo "2053"]
[PlyCount "32"]
[EventDate "2018.11.18"]

1. d4 Nf6 2. e3 e6 3. Bd3 b6 4. c3 Bb7 5. f3 d5 6. Ne2 Nbd7 7. O-O e5 8. Bf5
Bd6 9. f4 exf4 10. exf4 O-O 11. g3 Re8 12. Nd2 Qe7 13. Re1 Ba6 14. Kf1 Qe3 15.
Bh3 Re7 16. Bg2 Rae8 0-1

[Event "28th WSCC2018 - Open 65+"]
[Site "Bled"]
[Date "2018.11.20"]
[Round "3.60"]
[White "Ciuro Munoz, Ricardo"]
[Black "Baumgarten, Werner"]
[Result "1-0"]
[WhiteElo "2014"]
[BlackElo "1872"]
[PlyCount "25"]
[EventDate "2018.11.18"]

1. e4 c5 2. Nf3 b6 3. d3 Bb7 4. g3 Nc6 5. Bg2 e5 6. O-O d6 7. Nc3 Nf6 8. a4 a5
9. Nh4 Be7 10. Nf5 h6 11. Nxg7+ Kf8 12. Nf5 Bc8 13. Bxh6+ 1-0

[Event "28th WSCC2018 - Open 65+"]
[Site "Bled"]
[Date "2018.11.20"]
[Round "3.61"]
[White "Melkeraen, Terje"]
[Black "Gromark, Per-Olof"]
[Result "1-0"]
[WhiteElo "2006"]
[BlackElo "1862"]
[PlyCount "109"]
[EventDate "2018.11.18"]

1. f4 d5 2. Nf3 Nf6 3. b3 Bg4 4. e3 e6 5. Bb2 Nbd7 6. d3 c6 7. Be2 Qb6 8. d4
Bxf3 9. Bxf3 Ne4 10. O-O Be7 11. Qd3 f5 12. a4 a5 13. Ba3 Bb4 14. c3 Bxa3 15.
Rxa3 O-O 16. c4 Qa6 17. Be2 b6 18. Nd2 Ndf6 19. Nf3 Qb7 20. Ra2 c5 21. Ne5 Rfd8
22. Bf3 Nd7 23. Rd1 Nxe5 24. fxe5 Rac8 25. Rc2 Qa6 26. cxd5 Qxd3 27. Rxd3 exd5
28. Bxe4 fxe4 29. Rdc3 Rb8 30. dxc5 bxc5 31. Rxc5 Rxb3 32. Kf2 d4 33. exd4 Rxd4
34. e6 Kf8 35. Rxa5 e3+ 36. Ke2 Rf4 37. Rb5 Rf2+ 38. Kd1 Rd3+ 39. Kc1 e2 40.
e7+ Ke8 41. Re5 e1=Q+ 42. Rxe1 Rxc2+ 43. Kxc2 Ra3 44. Re4 Ra2+ 45. Kb3 Rxg2 46.
h4 g5 47. hxg5 Rxg5 48. Kb4 h5 49. a5 Rg1 50. a6 h4 51. a7 Ra1 52. Rxh4 Kxe7
53. Kb5 Kd7 54. Ra4 Rb1+ 55. Ka6 1-0